| 000 | 00723 a2200217 4500 | ||
|---|---|---|---|
| 260 | _aRome | ||
| 100 | _aHOPFEN, H.J. | ||
| 260 | _bOrganisation des Nations Unies pour l'Alimentation et Agriculture, 1970 | ||
| 245 | _aL'outillage agricole pour les régions arides et tropicales | ||
| 300 | _aXII, 156 p. | ||
| 650 | _a<Agriculture-Outillage-Régions arides><Agriculture-Outillage-Régions Tropicales> | ||
| 260 | _c1970 | ||
| 300 | _bill. ; 13 cm | ||
| 130 | _lFr. | ||
| 035 | _a4363 | ||
| 440 | _a(Collection FAO : progrès et mise en valeur-Agriculture ; 91) | ||
| 500 | _aNotes bibliographiques au bas des pages. - Bibliographie pp. 153-156 | ||
| 999 |
_c11517 _d11517 |
||